00705 2200217 4500001002100000005001500021035002000036007000300056008004100059020001800100082001000118084001600128100001700144245006300161260004400224300001200268500013800280650004400418856001700462990000800479INLIS00000000000008420220127080900 a0010-0122000084ta220127 g 0 ind  a9786020228853 a005.5 a005.5 JOH k0 aJohar Arifin1 aKeuangan & Keuangan Syariah :bMenggunakan Microsoft Excel aJakarta :bElex Media Komputindo,c2013 a259 hlm aBuku pertama yang mengupas penggunaan program aplikasi microsft excel untuk penyelesaian kasus terapan keuangan dan keuangan syariah. 4aProgram aplikasi dengan kegunaan khusus aKoleksi Umum a225